00949nam a2200289 i 4500003001000000005001700010008004100027020001800068020001500086040004600101082001900147100002800166245004700194250001900241264004600260300004000306336002600346337002800372338002700400590001900427650003600446651001000482655001700492942001200509999001700521952012100538EG-ScBUE 20230712122118.0171121s2004 enka f 000 0 eng d a9780198606734 a0198606737 aEG-ScBUE bengerdacEG-ScBUE dEG-ScBUE 04222a910.3bMAY1 aMayhew, Susan,eauthor.12aA dictionary of geography /cSusan Mayhew. athird edition. 1aOxford :bOxford University Press,c2004. a543 pages :billustrations ;c20 cm 2rdacontentatextbtxt 2rdamediaaunmediatedbn 2rdacarrieravolumebnc aSuzan Ashmawy. 72BUEshaGeographyvDictionaries. 2BUEsh vReading book 2ddccBB c25632d25604 00102ddc40708Donation-GaMAINbMAINc2NDd2017-11-21eDonationl0o910.3 MAYp000042283r2025-07-15 00:00:00yBB